000 00472nam a2200169 a 4500
005 20140310183348.0
008 070329s19uu xx 00 eng d
020 _a044023719
050 _aPS 3552.R2147
_b.B799 2001
100 _aBradford, Barbara Taylor
245 _aThe Triumph of Katie Byrne.
_cBarbara Taylor Bradford
260 _aNew York :
_bDell Publishing,
_c2001.
300 _a336 p. :
_c17 cm.
650 _aFiction.
942 _cBK
_2lcc
999 _c21989
_d21989